The Change Agents Collection of Published Newspaper Articles in Support of Pres. Buhari. (Record no. 4429)

MARC details
000 -LEADER
fixed length control field 00408nam a22001337a 4500
008 - FIXED-LENGTH DATA ELEMENTS--GENERAL INFORMATION
fixed length control field 250804b |||||||| |||| 00| 0 eng d
020 ## - INTERNATIONAL STANDARD BOOK NUMBER
ISBN 9789789883394
100 ## - MAIN ENTRY--AUTHOR
Author KAWARE Mansir L.
245 ## - TITLE STATEMENT
Title The Change Agents Collection of Published Newspaper Articles in Support of Pres. Buhari.
260 ## - PUBLICATION, DISTRIBUTION, ETC. (IMPRINT)
Place of publication Katsina Nigeria
Name of publisher Darma Digital Prints
Date of publication 2021
300 ## - COLLATION
Pagination x, 284p.
942 ## - ADDED ENTRY ELEMENTS (KOHA)
Item type Books
050 ## - LIBRARY OF CONGRESS CALL NUMBER
Classification number HE94306
Item number .K39
Holdings
Source of classification or shelving scheme Not for loan Permanent location Current location Date acquired Accession No. Full call number Barcode. Koha item type
Library of Congress Classification   Samuel Ogbemudia Main Library, University of Abuja Samuel Ogbemudia Main Library, University of Abuja 08/04/2025 2021/5730508 HE94306.K39 2025-3205 Books